| 000 | 01964nam1a2200337 i 4500 | ||
|---|---|---|---|
| 001 | RU\NLR\bibl\2020320 | ||
| 005 | 20260408094345.0 | ||
| 035 | _a(NLR Aleph) 002008577 | ||
| 090 |
_a4443166 _c4443166 |
||
| 100 | _a20130408g20129999k y0rusy50 ca | ||
| 101 | 0 | _arus | |
| 102 | _aRU | ||
| 105 | _a||||z ||||| | ||
| 200 | 1 |
_aРазвитие детской одаренности в условиях современного образования: опыт, проблемы, перспективы _eматериалы всероссийской конференции, 17 мая 2012 года _f[сост.: Л.К. Тропина, к.п.н., доц. _gредкол.: Н.А. Меньшикова, к.п.н. и др.] |
|
| 210 |
_aЕкатеринбург _cГБОУ ДПО СО "Институт развития образования" _d2012 |
||
| 215 | _d21 | ||
| 300 | _aВ надзаг.: Гос. бюджет. образоват. учреждение доп. проф. образования Свердл. обл. "Ин-т развития образования" | ||
| 463 | 0 | _10011967751 | |
| 463 | 0 | _10011968753 | |
| 606 |
_aДети _jСъезды, совещания и т.п. _xОдаренность _xРазвитие _92526275 _3RU\NLR\auth\661496649 |
||
| 686 | _aЧ421.204я431 | ||
| 686 | _aЮ983.724я431 | ||
| 702 | 1 |
_aТропина _bЛ. К. _4220 |
|
| 702 | 1 |
_aМеньшикова _bН. А. _4340 |
|
| 711 | 1 | 2 |
_a"Развитие детской одаренности в условиях современного образования: опыт, проблемы, перспективы", всероссийская научно-практическая конференция _eЕкатеринбург _f2012 _9355482 _3RU\NLR\AUTH\8810235155 |
| 801 | 0 |
_aRU _bNLR _c20130408 _gRCR |
|
| 801 | 1 |
_aRU _bNLR _c20130408 |
|
| 852 |
_aNLR _j2012-3/34209 |
||
| 942 | _cBOOK | ||